000
00265nam a22001217a 4500
003
SGT
082
_b
BAL
100
_a
BALASUBRAMANIAN, G.
245
_a
JOURNAL OF EMERGING MARKET FINANCE
260
_a
INDIA
_b
SAGE PUB.
_c
2022
300
_a
503
942
_2
ddc
_c
BV
999
_c
29876
_d
29876